BİR DELİNİN HATIRA DEFTERİ (Record no. 729636)
[ view plain ]
| 000 -LEADER | |
|---|---|
| sabit uzunluktaki kontrol alanı | 00258nam a2200097Ia 4500 |
| 001 - KONTROL NUMARASI | |
| kontrol alanı | 729636 |
| 005 - EN SON İŞLEMİN TARİH VE ZAMANI | |
| kontrol alanı | 20250826163531.0 |
| 008 - SABİT-UZUNLUKTA VERİ ÖĞELERİ--GENEL BİLGİ | |
| sabit uzunluktaki kontrol alanı | 250824s9999 xx 000 0 und d |
| 245 #0 - ESER / YAZAR | |
| ESER ADI | BİR DELİNİN HATIRA DEFTERİ |
| Yazar Adı | NİKOLAY V. GOGOL |
| 260 ## - YAYIN, DAĞITIM, VB. | |
| YAYIN EVİ | ANONİM YAYINLARI |
| Düşüm durumu | Kayıp durumu | Hasar Durumu | Ödünç verilmez | Ana kütüphane | Geçerli Kütüphane | Edinilen tarih | Toplam ödünç verme sayısı | Barkod | Son görüntüleme tarihi | Fiyatın geçerli olmaya başladığı tarih | Koha materyal türü |
|---|---|---|---|---|---|---|---|---|---|---|---|
| SELAHADDİN EYYUBİ ANADOLU LİSESİ | SELAHADDİN EYYUBİ ANADOLU LİSESİ | 24.08.2025 | 10222938 | 26.08.2025 | 26.08.2025 | Books |